| 000 | 00651nam a2200241Ia 4500 | ||
|---|---|---|---|
| 003 | OSt | ||
| 005 | 20240528115141.0 | ||
| 008 | 210210b2014 xxu||||| |||| 00| 0 eng d | ||
| 040 | _cAL | ||
| 041 | _akan | ||
| 082 | _aK894.4 JOGA | ||
| 100 |
_aJOGI _9167542 _dಜೋಗಿ |
||
| 245 |
_aAre belaku: ankana barahagalu _bಅರೆ ಬೆಳಕು: ಅಂಕಣ ಬರಹಗಳು |
||
| 260 |
_aBengaluru _bAnkita Pustaka _c2014 |
||
| 300 | _a191 | ||
| 650 |
_abelaku: _9167543 |
||
| 650 |
_abarahagalu _9167544 |
||
| 650 |
_aAre _9167545 |
||
| 650 |
_aankana _9167546 |
||
| 690 |
_aKannada Prose _9167547 |
||
| 906 | _a069388 | ||
| 942 |
_2ddc _cBK |
||
| 999 |
_c119124 _d119124 |
||